[Event "Coin op"]
[Site "Coin"]
[Date "2021.04.01"]
[Round "1"]
[White "Merida Gamez, Alejandro"]
[Black "Beltran de Heredia E, Mario"]
[Result "0-1"]
[WhiteElo "1586"]
[BlackElo "1858"]
[PlyCount "52"]
[EventDate "2021.04.01"]
[EventType "swiss"]
[EventRounds "7"]
[EventCountry "ESP"]
[SourceTitle "EXT 2022"]
[Source "ChessBase"]
[SourceDate "2021.10.06"]
[SourceVersion "1"]
[SourceVersionDate "2021.10.06"]
[SourceQuality "1"]

1. e4 c5 2. Nf3 e6 3. d3 Nc6 4. g3 g6 5. Bg2 Bg7 6. 0-0 Nge7 7. Re1 d6 8. Nbd2 0-0 9. c3 Rb8 10. a4 a6 11. Nf1 e5 12. Ne3 h6 13. h4 Be6 14. Nh2 Qd7 15. Nd5 f5 16. c4 Nd4 17. Nxe7+ Qxe7 18. Nf3 f4 19. Nxd4 cxd4 20. Kh2 h5 21. Bh3 fxg3+ 22. Kxg3 Bxh3 23. Kxh3 Rxf2 24. Rf1 Qe6+ 25. Kg3 Rxf1 26. Qxf1 Qg4+ 0-1